Dove giocava nel 2010-2011? - Quiz n°43 - Statistics

Statistiche generali
  • Questo quiz è stato fatto 30 volte
  • Il punteggio medio è 6 su 10
Statistiche sulle risposte
Hint Risposta % Corretto
Rafinha Barcellona B
76%
Petr Čech Chelsea
76%
Hugo Lloris Olympique Lione
76%
Angelo Palombo Sampdoria
72%
Fábio Coentrão Benfica
68%
Alberto Paloschi Parma
64%
Paulinho Corinthians
56%
Michy Batshuayi Standard Liegi
56%
Jean François Gillet Bari
40%
Roberto Firmino Hoffenheim
32%
Nessun quiz corrispondente trovato
Distribuzione punteggi
Percentuale di utenti per punteggio
Percentile per numero di risposta
I tuoi punteggi nel tempo
Non hai fatto questo quiz